[Event "RUS-chT 05th"]
[Site "Maikop"]
[Date "1998.06.04"]
[Round "2"]
[White "Fominyh, Alexander"]
[Black "Balashov, Yuri S"]
[Result "1-0"]
[WhiteElo "2530"]
[BlackElo "2555"]
[Annotator "Tisdall,J"]
[PlyCount "119"]
[EventDate "1998.06.03"]
[EventType "team-tourn"]
[EventRounds "11"]
[EventCountry "RUS"]
[SourceTitle "CBM 066"]
[Source "ChessBase"]
[SourceDate "1998.09.30"]
[SourceVersion "1"]
[SourceVersionDate "1998.09.30"]
[SourceQuality "1"]
[WhiteTeam "Elista Uralan"]
[BlackTeam "Tomsk 400"]
[WhiteTeamCountry "RUS"]
[BlackTeamCountry "RUS"]

1. Nf3 Nf6 2. c4 e6 3. g3 b6 4. Bg2 Bb7 5. O-O Be7 6. Nc3 O-O 7. Re1 d5 8. cxd5
exd5 9. d4 Na6 10. Bf4 c5 11. Rc1 (11. dxc5 $5 {was preferred in the
heavyweight encounter Gelfand-Karpov.} Nxc5 (11... bxc5 12. Ne5 {/\ e4} Nc7 13.
Nc4 Ne6 14. Be5 {Gelfand}) 12. Rc1 a6 13. a3 Re8 14. Nd4 Bd6 15. Bxd6 Qxd6 16.
Qd2 Rad8 17. Red1 g6 18. Qf4 $1 Qxf4 19. gxf4 $14 {Gelfand,B-Karpov,A/Vienna
Millenium 1996/1-0 (69)}) 11... Re8 12. dxc5 (12. a3 $5 h6 $6 13. Ne5 Bf8 14.
Nb5 Ne4 15. dxc5 Naxc5 16. b4 Ne6 17. Be3 $16 {1-0 Shulman,Y-Murdzia,P/EU-chJM
U20 Holon 1995 (29), but black's play was rather planless here.}) 12... Bxc5 (
12... bxc5 13. Ne5 {/\14.e4} Bd6 14. Nd3 Rb8 15. Bg5 Be7 16. Qa4 {Threatening
to take on f6 and d5. The pressure on the hanging pawns forces black to commit
himself.} c4 17. Nf4 Nc5 18. Qd1 d4 19. Bxf6 Bxf6 20. Ncd5 Bxd5 $6 (20... Ne6
$142 $5 21. Nxf6+ (21. Rxc4 Nxf4 22. Nxf4 Bxg2 23. Kxg2 Rxb2 24. Qa4 g5 $5)
21... Qxf6 22. Nxe6 fxe6 23. Bxb7 Rxb7 24. Rxc4 Rxb2 25. Rxd4 Rxa2 26. Ra4 $14)
(20... Ba6 $1 {Krasenkow} 21. Nxf6+ gxf6 $1 (21... Qxf6 22. Nd5) 22. Nd5 (22.
e3 $6 dxe3 23. Qg4+ Kh8 24. fxe3 Nd3 $17) 22... d3 23. exd3 (23. b4 $2 cxb3 $1
24. Rxc5 b2 (24... bxa2 25. Qa1 d2 26. Rf1 Rb1 27. Nxf6+ Kf8 28. Nxh7+ Kg8 29.
Nf6+ Kf8 $11) 25. Qb1 d2 26. Rd1 Rxe2 27. Be4 (27. Nc3 Bd3 28. Rd5 Bxb1 29.
Rxd8+ Rxd8 30. Nxe2 Bc2 $19) 27... Rxe4 $1 28. Qxe4 Be2 $1 29. Ne7+ Kg7 $1 (
29... Qxe7 30. Qxe7 Bxd1 31. Rg5+ fxg5 32. Qxg5+ Kf8 33. Qc5+ Kg8 $11) (29...
Kf8 30. Qxe2 Qxe7 31. Qxe7+ Kxe7 32. Rb1 Rd8 33. Rd1 Rb8 $11) 30. Qxe2 b1=Q 31.
Nc6 (31. Qg4+ Kh8 32. Nc6 Qe8) 31... Qdd3 32. Qg4+ Qg6 33. Nxb8 Qxg4 34. Rxb1
d1=Q+ 35. Rxd1 Qxd1+ 36. Kg2 Qd4 $19) 23... Rxe1+ 24. Qxe1 Nxd3 25. Qc3 Nxc1
26. Nxf6+ Kh8 27. Nd5+ f6 28. Qxc1 $44 {xKh8}) 21. Nxd5 Rxb2 22. Rxc4 Ne6 23.
Qa4 $1 $14 {1-0 Krasenkow,M-Cvitan,O/Pula 1997/EXP 57/[Tisdall] (50) +/- (29)
An excellent game, well worth studying.}) 13. e3 Ne4 14. Be5 Bf8 15. a3 f6 {
I do not see why black commits himself to this potential weakness. Immediately}
(15... Nac5 {looks more natural} 16. Nb5 {can be met by} a6) 16. Bd4 Nac5 17.
b4 Ne6 18. Qb3 Qd7 19. Red1 Qf7 20. Nb5 ({I have trouble understanding why} 20.
Nxd5 {is not possible.} N6g5 (20... Nxd4 21. Rxd4) 21. Bb2 {seems to win a
pawn.}) 20... a6 21. Nc3 b5 (21... Nxd4 {looks like the lesser evil for black,
though white retains the more pleasant position, the knight pair being
proverbially more powerful in the isolated pawn structure. However, the game
continutaion allows white to arrange a favorable exchange of his dark-squared
bishop, and black's weaknesses and worries mount.}) 22. Bb6 Rac8 23. Nd4 Nxc3
24. Rxc3 Rxc3 25. Qxc3 Rc8 26. Qd3 Ng5 27. f3 Qd7 28. Nb3 Nf7 29. f4 Qg4 30.
Bc5 (30. Bxd5 Bxd5 31. Qxd5 Rc2 32. Rd2 {was possible, but White seems bent on
ignoring the d-pawn as long as possible.}) 30... h5 31. Bxf8 Rxf8 32. Nc5 Ba8
33. Rf1 {[%csl Ra6,Rd5,Rh5] Now black has worries with most of his pawns.} h4
34. Qd1 (34. Bf3 Qh3 35. gxh4 {was also strong, but white continues the policy
of avoiding a whiff of activity from the enemy.}) 34... Qxd1 35. Rxd1 hxg3 36.
hxg3 Re8 37. Kf2 Nh6 38. Bh3 Bc6 39. Rc1 d4 (39... Ra8 40. Be6+ (40. Ne6 Be8 (
40... Bd7 41. Rc7) 41. Bg2 {is also good.}) 40... Kf8 41. Nb3 {and white will
soon be harvesting pawns while maintaining his grip on the position. The game
continuation at least allows the bishop to live a bit.}) 40. exd4 Bd5 41. Re1 (
41. Nxa6 Bc4 {resembled counterplay for black.}) 41... Ra8 42. Bd7 a5 (42...
Kf7 $5) 43. Re8+ Rxe8 44. Bxe8 axb4 45. axb4 Nf5 46. Bxb5 Nxd4 47. Bd3 Kf7 48.
Ke3 Ne6 (48... Nc6 49. b5 Nd8 50. Kd4 $18) 49. Nxe6 Kxe6 50. Kd4 Kd6 51. b5 Bf3
52. Kc4 g5 53. f5 Bb7 54. Kd4 Bf3 55. Be4 Be2 56. b6 g4 57. b7 Kc7 58. Kc5 Bf3
59. Bd5 Bd1 60. b8=Q+ {White's king invades and black's last pawns fall. A
minimalistic performance by white.} 1-0

[Event "United Insurance 4th"]
[Site "Dhaka"]
[Date "1999.03.03"]
[Round "13"]
[White "Wojtkiewicz, Aleksander"]
[Black "Zagrebelny, Sergey"]
[Result "1-0"]
[WhiteElo "2570"]
[BlackElo "2506"]
[Annotator "Tisdall,J"]
[PlyCount "65"]
[EventDate "1999.02.19"]
[EventType "tourn"]
[EventRounds "13"]
[EventCountry "BAN"]
[EventCategory "10"]
[SourceTitle "CBM 070"]
[Source "ChessBase"]
[SourceDate "1999.06.08"]
[SourceVersion "1"]
[SourceVersionDate "1999.06.08"]
[SourceQuality "1"]

1. Nf3 Nf6 2. c4 b6 3. g3 Bb7 4. Bg2 e6 5. O-O Be7 6. d4 O-O 7. Re1 Na6 8. a3
$5 {An interesting continuation - white neither indulges in exchanges, nor
allows them by the natural sequence Nc3 Ne4.} (8. Ne5 Bxg2 9. Kxg2 Qb8 10. e4 (
10. Bg5 Qb7+ 11. f3 $6 c5 12. e3 cxd4 13. exd4 Rac8 14. b3 d6 15. Nd3 d5 16.
Nd2 Rfd8 17. Be3 Nb4 $36 {1/2-1/2 Cosma,I-Marin,M/Bucharest 1997/CBM 60/[Marin,
M] (78)}) 10... c5 11. Bf4 Bd6 12. Nc3 cxd4 13. Qxd4 Bb4 {My guess is that ...
Bc5 was really played here, as the game continuation does not make much sense
otherwise.} 14. Qd2 Qb7 15. Bg5 Be7 16. Ng4 Nxe4 17. Nxe4 Bxg5 18. Qxg5 f5 19.
f3 fxe4 20. Rxe4 Nc5 21. Rf4 {1/2-1/2 Novikov,I-Ionescu,C/Erevan 1996/EXT 97 
(21)}) (8. Nc3 Ne4 9. Nxe4 Bxe4 10. Qa4 Qc8 11. Ne5 Bxg2 12. Kxg2 c5 13. d5
exd5 14. cxd5 Nb4 15. Rd1 d6 16. Nf3 Qb7 17. a3 b5 18. Qb3 Na6 19. Qc2 Rfe8 20.
Bf4 c4 21. a4 Nb4 22. Qd2 a5 23. axb5 Qxb5 $17 {0-1 Poluljahov,A-Tiviakov,S/St.
Petersburg 1998/CBM 67 noVC (37)}) 8... d5 9. cxd5 exd5 10. Nc3 c5 (10... Ne4
$5) 11. Bf4 Nc7 12. Rc1 Ne6 13. Be5 Ng4 {In many ways this fits in with
white's plan to increase pressure on the d5-pawn. White was willing to
surrender the Be5 for the Nf6, and now it is black who expends energy to
arrange this.} (13... Ne4 14. dxc5 bxc5 15. Nxe4 dxe4 16. Nd2 $14) (13... Qd7
$5 {is a sensible alternative, preparing to put more weight on the d-file.})
14. dxc5 bxc5 15. h3 Nxe5 16. Nxe5 Bf6 $6 (16... Nc7 $5 {was more ambitious,
retaining the bishop pair.}) 17. Ng4 Bxc3 18. bxc3 $1 $14 {This allows white
to keep more pressure on the black d-pawn.} Rb8 (18... Qa5 $6 19. c4 $1 $36 {
[+]}) 19. Rb1 h5 (19... Qd7 $5 {still looks most logical, since problems on
the d-file are top priority, and the move also gives needed protection to the
Bb7.}) 20. Ne5 $5 (20. Ne3 d4 21. Bxb7 dxe3 22. Qxd8 exf2+ 23. Kxf2 Rfxd8 24.
Bf3 g6 25. Red1 {gives white a small plus. He prefers to seek complications.})
20... Qc7 (20... h4 $5 {is the natural alternative, and looks much safer.} 21.
e4 hxg3 22. fxg3 d4 {is a sharp position where white must also mind the
exposed nature of his kingside.}) 21. e4 $1 d4 $1 (21... Qxe5 22. exd5 $16) (
21... dxe4 22. Qxh5 g6 23. Nxg6 fxg6 24. Qxg6+ Ng7 25. Rxb7 $1 Qxb7 (25... Rxb7
26. Bxe4 Qd7 (26... Rd8 27. Bd5+ $1) 27. Qh7+ Kf7 28. c4 $5 $18) 26. Bxe4 Rfe8
27. Qh7+ Kf8 28. Re3 $1 $18) 22. cxd4 cxd4 23. Qxh5 g6 24. Nxg6 fxg6 25. Qxg6+
Ng7 26. Rec1 Qd7 $6 (26... Qe7 $5 {looks better, preventing the rook lift and
pressuring the e-pawn. If black avoids coming under direct attack who the
imbalance of material favors is far from clear, especially since black has a
d-pawn that can be used to seize the initiative.}) 27. Rc5 $1 d3 (27... Qe6 28.
Qxe6+ Nxe6 29. Rcb5 $16) 28. Rf1 $2 {A strange reaction after investing for an
attack - I can see no reason to react to sudden tactical idea of ...Bxe4 -
though running short of time during a game could be quite a different story:} (
28. Rh5 $5 Bxe4 (28... d2 29. Qh7+ Kf7 30. Rf5+ Ke8 31. Rxf8+ Kxf8 32. Qh8+ Kf7
33. Qxb8 d1=Q+ 34. Rxd1 Qxd1+ 35. Kh2 {and white gains a fifth pawn for the
piece - there may be an even more convincing continuation in the complications.
}) 29. Bxe4 Rxb1+ 30. Kg2 {and the threat of Rh8+ seems to provoke desperate
action:} Rxf2+ 31. Kxf2 Qd4+ (31... Qf7+ 32. Qxf7+ Kxf7 33. Rd5) 32. Kf3 Rf1+
33. Kg4 Qd7+ 34. Kh4 Qe7+ 35. Rg5 $18 {and white should disarm the d-pawn and/
or maintain the attack. Now black has time to consolidate and the position
becomes completely unclear.}) 28... Qe6 29. Qg5 Rbd8 30. Rd1 Rd7 31. Rd2 Bxe4
$4 {[%mdl 8192] Presumably time-pressure...} (31... Re8 {would threaten e4 and
require a commitment from white.}) 32. Re5 $18 Qb6 33. Bxe4 1-0

[Event "ISR-ch"]
[Site "Ramat Aviv"]
[Date "1998.11.12"]
[Round "3.2"]
[White "Psakhis, Lev"]
[Black "Kantsler, Boris"]
[Result "1-0"]
[WhiteElo "2560"]
[BlackElo "2535"]
[Annotator "Tisdall,J"]
[PlyCount "83"]
[EventDate "1998.11.08"]
[EventType "k.o."]
[EventRounds "5"]
[EventCountry "ISR"]
[SourceTitle "CBM 068"]
[Source "ChessBase"]
[SourceDate "1999.02.01"]
[SourceVersion "1"]
[SourceVersionDate "1999.02.01"]
[SourceQuality "1"]

1. d4 Nf6 2. c4 e6 3. Nf3 b6 4. g3 Bb7 5. Bg2 Be7 6. Nc3 O-O 7. Qc2 d5 8. cxd5
exd5 9. O-O c5 10. Rd1 Nc6 $6 {This natural move seems to create additional
difficulties protecting the d-pawn.} (10... Na6 11. Be3 (11. Bf4 Nc7 12. dxc5
bxc5 13. Ne1 Ne6 14. Be3 Rb8 15. Rac1 d4 16. Na4 Bxg2 17. Nxg2 Nd5 $36 {
1-0 Kragelj,I-Roskar,R/SLO 1991/EXT 98 (54)}) 11... Nc7 12. dxc5 bxc5 13. Na4
Na6 14. Nxc5 Bxc5 15. Bxc5 Rc8 16. b4 Nxb4 17. Qb3 Rxc5 18. Qxb4 $14 {1-0
Groszpeter,A-Finegold,B/Saint John 1988/CBM 06 (50)}) (10... c4 {should leave
the black center vulnerable though he escaped cleverly after} 11. Ne5 Nc6 12.
Bg5 Na5 13. Qf5 g6 14. Qf3 Ne4 15. Bh6 f6 16. Bxf8 Qxf8 17. Ng4 h5 18. Ne3 Ng5
19. Qf4 Ne6 20. Qf3 {1/2-1/2 in Sehner,N-Dudek,R/Germany 1996/GER-chT (20)}) (
10... Nbd7 11. Bg5 (11. b3 Rc8 12. Bb2 a6 13. Qf5 Qc7 14. Rac1 Rfd8 15. e3 Qb8
16. dxc5 bxc5 {1/2-1/2 Martin,B-Castillo Melenes,O/Tunja 1989/TD (40)}) 11...
Ne4 12. Bxe7 Qxe7 13. dxc5 $14 Nxc3 14. Qxc3 bxc5 15. e3 a5 16. Ne1 Qe6 $2 17.
Nd3 $16 {1-0 Palatnik,S-Bronstein,D/Daugavpils 1978/MCD (56)}) 11. dxc5 (11.
Bg5 Nb4 12. Qb1 c4 $6 13. Ne5 Rc8 $6 14. a3 Na6 15. Nb5 $16 {1-0 Kistella,
R-Jajonek,R/Duesseldorf 1995/EXT 99 (31)}) 11... bxc5 {An improvement over} (
11... Bxc5 $2 12. Nxd5 $1 Nd4 13. Nxd4 Nxd5 14. Qb3 Qf6 15. Nf3 $16 {1-0
Peschel,A-Oezen,A/Berlin 1995/CBM 47 ext (29)}) 12. Bg5 Nb4 13. Qf5 g6 (13...
h6 14. Bxf6 Bxf6 15. a3 g6 (15... Bxc3 16. bxc3 Na6 17. e4 Qa5 18. exd5 Qxc3
19. d6 $16) 16. Qf4 Nc2 17. Rac1 Nd4 18. b4 $1 $36 {also brings heavy pressure
to bear on the black center.}) 14. Qf4 Nh5 15. Bxe7 Qxe7 (15... Nxf4 $4 16.
Bxd8 Nxg2 17. Be7 $18) 16. Qe5 {[%csl Rd5]} Qe6 (16... Qxe5 17. Nxe5 Rfe8 18.
Nd7 Rac8 19. a3 $16) (16... Rfe8 $5 {was an interesting try to compensate for
the weak d-pawn by relying on piece activity.} 17. Qxe7 Rxe7 18. a3 Na6 19.
Nxd5 (19. e3 Nf6 $11) 19... Rxe2 20. b4 $1 $14 (20. Bf1 $5 Rxb2 21. Bxa6 Bxa6
22. Nc7 Bb7 23. Nxa8 Bxf3 $44) 20... Bxd5 $140 $2 21. Rxd5 cxb4 22. Ra5 $18)
17. a3 Nc2 18. Qxe6 (18. Rac1 $5 Nd4 19. Qc7 $1 {was also strong, but white
prefers the simpler, professional version.}) 18... fxe6 19. Rac1 Nd4 20. Nxd4
cxd4 21. Rxd4 $16 Rac8 22. e4 Nf6 (22... dxe4 23. Bxe4 Bxe4 24. Rxe4 Kf7 $16)
23. exd5 Bxd5 24. Bh3 $1 Rfe8 $6 (24... Kf7 {was more stubborn.} 25. Re1 Rc6 {
and black at least prevents rook invasions for the time being.}) 25. Re1 Bb3
26. Rb4 Bc4 27. Nb5 $1 $18 Bxb5 28. Rxb5 Rc6 29. Rb7 {The rest is rather
gruesome as black can only postpone further losses.} a6 30. Bf1 Rd8 31. b3 Nd5
32. Rd1 a5 33. a4 Rc5 34. Bc4 Rd6 35. h4 Rdc6 36. Rd3 Rc8 37. Rd7 Nc7 38. R3d6
Re8 39. Rb6 Kh8 40. Rb7 Rc8 41. Re7 e5 42. f3 1-0

[Event "ISR-ch"]
[Site "Jerusalem"]
[Date "1996.??.??"]
[Round "1"]
[White "Gurevich, Gregory"]
[Black "Gruenfeld, Yehuda"]
[Result "0-1"]
[WhiteElo "2355"]
[BlackElo "2510"]
[Annotator "Tisdall,J"]
[PlyCount "80"]
[EventDate "1996.10.26"]
[EventType "swiss"]
[EventRounds "9"]
[EventCountry "ISR"]
[SourceTitle "CBM 056"]
[Source "ChessBase"]
[SourceDate "1997.02.01"]
[SourceVersion "1"]
[SourceVersionDate "1997.02.01"]
[SourceQuality "1"]

1. d4 Nf6 2. c4 e6 3. Nf3 b6 4. g3 Bb7 5. Bg2 Be7 6. O-O O-O 7. b3 d5 8. Nbd2
Na6 9. Bb2 c5 10. Rc1 ({White proved to be better at maintaining tension after
} 10. e3 Rc8 11. Qe2 Qc7 12. Rfd1 Qb8 13. Rac1 Qa8 14. Bh3 Rcd8 15. Ne5 Nb4 16.
a3 Nc6 17. dxc5 Bxc5 18. Ng4 Nxg4 19. Qxg4 d4 20. Nf3 f5 21. Qh5 Rf6 22. exd4
Rh6 23. Qg5 Be7 24. Qe3 Rxh3 25. Qxe6+ Kh8 26. d5 Qc8 27. Qf7 Rg8 28. dxc6 Qxc6
29. Qxe7 h6 30. Rd8 {1-0 Giardelli,S-Bielicki,C/ARG-ch 1989, but this is
largely due to sloppy play from black.}) 10... Re8 11. cxd5 exd5 12. Nb1 $2 {
Hardly an ideal method to develop knight outposts. If white wanted to put this
piece on c3 he should have done so earlier. Now that it is here,} (12. Ne5 {
is the natural way to create happy horses.}) 12... Ne4 13. dxc5 bxc5 14. Nfd2 (
{The planned} 14. Nc3 {is met by} Bf6 15. Nd2 Nxc3 16. Bxc3 Bxc3 17. Rxc3 Qa5 {
with too much queenside pressure, so white is obliged to continue with the
knight on b1.}) 14... f5 15. a3 Bf6 16. Qc2 Rb8 17. Rfd1 Qe7 18. Bxf6 Qxf6 19.
e3 Qe6 20. Nf3 h6 21. Ne1 (21. Nc3) 21... g5 $1 {Preventing Nd3-f4 but also
embarking on an uninhibited project to annex as much space as possible.} 22.
Nc3 Rbc8 23. Bf1 Red8 24. Na4 Rd6 25. Bd3 c4 26. Bxe4 $5 {White wishes to
close the a8-h1 diagonal before capturing on c4, but it was more prudent to
refrain from taking on e4 in any event.} (26. bxc4 dxc4 27. Bf1 (27. Bxc4 $2
Rxc4 $19)) 26... fxe4 27. bxc4 Qf7 $5 {Switching to pressure on f2. An
interesting positional pawn sacrifice. White finds it impossible to escape
steady pressure on the kingside.} (27... Rxc4 {maintained a safe superiority
for black.}) 28. c5 Rf6 29. Qe2 Rf8 30. Rc2 Nc7 31. Rdd2 (31. Nb2 Ba6 32. Qd2 {
and white has prevented black from neutralizing the c- and d-lines with ...Bc4.
However white still comes under pressure after} Ne6 33. c6 g4) 31... Ba6 32.
Qd1 Ne6 33. Nc3 Bc4 34. Qg4 $5 (34. Nxe4 {is an interesting attempt to escape
via tactical means, but since the action moves exclusively to the kingside, it
is not surprising that it fails to solve white's problems:} dxe4 35. Rd7 Qg6
36. Rxc4 Rxf2 37. Ng2 (37. Rc2 Qf5 {and the threat of} 38. Z0 Rf1+ 39. Kg2 Rg1+
40. Kxg1 Qf1# {leaves white without a good defence.}) 37... Qf6 38. Rc1 Qb2 $1
$19) 34... h5 35. Qh3 g4 36. Qg2 $2 (36. Qh4 {was clearly correct, when white
can continue with Ng2 or h2-h3. In any event, white is still fighting hard
here.}) 36... Ng5 $19 37. Rb2 Nh3+ 38. Kh1 Nxf2+ 39. Rxf2 Rxf2 40. Rxf2 Qxf2
0-1

[Event "RUS-Cup01 Chigorin Memorial"]
[Site "St Petersburg"]
[Date "1997.11.06"]
[Round "6"]
[White "Shipov, Sergei"]
[Black "Obukhov, Alexander"]
[Result "1-0"]
[WhiteElo "2575"]
[BlackElo "2405"]
[Annotator "Tisdall,J"]
[PlyCount "93"]
[EventDate "1997.11.01"]
[EventType "swiss"]
[EventRounds "9"]
[EventCountry "RUS"]
[SourceTitle "CBM 062"]
[Source "ChessBase"]
[SourceDate "1998.01.31"]
[SourceVersion "1"]
[SourceVersionDate "1998.01.31"]
[SourceQuality "1"]

1. d4 Nf6 2. c4 e6 3. Nf3 b6 4. g3 Ba6 5. b3 Bb4+ 6. Bd2 Be7 7. Bg2 d5 8. cxd5
exd5 9. Nc3 O-O 10. O-O Bb7 11. Bc1 Na6 12. Bb2 Re8 (12... c6 13. Ne5 Bd6 14.
Nd3 Re8 15. Rc1 Nc7 16. Re1 Ne6 17. e4 dxe4 18. Nxe4 Nd5 19. Ne5 Bb4 20. Re2
Rc8 21. Rec2 Ne7 22. a3 Bd6 23. b4 Bb8 24. Rd2 Nd5 25. Qb3 Re7 26. f4 f6 27.
Nc4 {Karpov,A-Kurajica,B/Tilburg blitz 1994/CBM 44/1-0 (58)}) (12... c5 13. Rc1
Qc8 14. Qc2 Rd8 15. Rfd1 h6 16. e3 Qe6 17. Qb1 Rac8 18. Ne2 Bf8 19. Nf4 Qe7 20.
Qa1 Ne4 21. dxc5 bxc5 22. Nh5 f6 23. Nf4 Qf7 24. Nd2 Ng5 25. Nf3 Rc7 26. Qb1
Ne4 27. Nd2 {Horvath,M-Debnar,L/SVK-chT 1994/TD 94\03/1-0 (40)}) 13. Rc1 Bf8 (
13... c5 14. e3 Bf8 15. Ne5 Nc7 16. Na4 Ne6 17. dxc5 bxc5 18. Qc2 Rc8 19. Qf5
Qe7 20. Rfd1 Red8 21. Ng4 Nxg4 22. Qxg4 d4 23. exd4 Bxg2 24. Kxg2 cxd4 25. Rxc8
Qb7+ 26. Qf3 Qxc8 27. Rc1 Qd7 28. Qc6 {Zueger,B-Sokolov,I/Mitropa Cup 1991/CBM
26/0-1 (42)}) 14. Ne5 c5 15. Nd3 Qe7 16. dxc5 bxc5 17. Na4 Rac8 $6 (17... Ne4
$5 $11 18. Bxe4 $140 $2 Qxe4 19. Naxc5 Nxc5 20. Nxc5 Bxc5 21. Rxc5 {and now
the power of the long diagonal is nicely illustrated by the two variations:} d4
$1 (21... Qxe2 $2 22. Qd4 f6 23. Rc7 $18 Qa6 (23... Ba6 24. Rxg7+) (23... Re7
24. Rxb7 Rxb7 25. Qxd5+ $18) 24. Qg4 $18) 22. f3 Qe3+ $17 {and black switches
diagonals with great effect, /\ ...d3.}) 18. Bxf6 gxf6 $2 (18... Qxf6 $5 {
looks better, even if it loses a pawn, which does not even seem to be the case;
the potential targets a2 and e2 appear to guarantee black sufficient
counterplay for the weakness of his d-pawn:} 19. Nf4 Qe5 $1 20. Nxd5 (20. Nc3
Nc7 $132 {[%csl Re2]}) 20... Bxd5 21. Bxd5 (21. Qxd5 Qxe2 (21... Qxd5 22. Bxd5
Nb4 23. Bc4 Nxa2 24. Ra1 Nb4 25. Nc3 $14) 22. Nc3 Nb4 $11) 21... Nb4 22. e4 (
22. Bc4 Rcd8 $11) 22... Nxa2 $132) 19. e3 $16 {[%csl Rc5,Rd5,Rf6,Rf7,Rg8,Rh7]}
Red8 20. Qg4+ Kh8 21. Rfd1 Rc7 22. Nf4 Qe5 23. Nd3 (23. Qe2 $5 {[%csl Ra6,Rd5]
(Fritz5) Attacking the d5 pawn thanks to the looseness of the knight on a6,
looks like a more efficient method of increasing the pressure.} Nb8 24. Nd3 Ba6
25. Qf3 Bxd3 26. Rxd3 d4 27. exd4 Rxd4 28. Re3 $16 {[%csl Rb8,Rc5,Rf6,Rf7]})
23... Qe7 24. Qf4 Bc8 $2 {Black cracks under the pressure, so white's human
probing proves efficient enough against human defence. Now there is a tactical
blow exploiting the geometric arrangement of black's scattered forces.} (24...
Qe6 $5) 25. Naxc5 $1 {[%csl Rd8,Rh8][%cal Rf6d8,Rf6h8,Gf4f6]} Nb8 (25... Nxc5
26. Nxc5 Rxc5 $2 27. Rxc5 Qxc5 28. Qxf6+) 26. b4 $18 {White has snapped off
one of the "hanging" pawn duo, while maintaining his huge positional trumps
across the rest of the board.} Rd6 27. Nb3 Rxc1 28. Rxc1 Ba6 29. Ndc5 Bc4 30.
Bf1 Rb6 31. a3 Bxf1 32. Kxf1 Nd7 33. Nxd7 Qxd7 34. Kg2 Rc6 35. Rxc6 Qxc6 36.
Nd4 Qa6 37. b5 Qb6 38. a4 h6 39. Qf5 Qd6 40. a5 Bg7 41. Qc8+ Kh7 42. Qc6 Qe5
43. Qc2+ Kg8 44. b6 axb6 45. axb6 Bf8 46. b7 Bd6 47. Qc8+ (47. Qc8+ Kh7 48.
Qf5+ Qxf5 49. Nxf5 Bc7 50. Ne7 {and the b-pawn costs black a piece.}) 1-0